Development of Concrete Composites Based on Alternative Raw Materials for Massive Monolithic Structures
Na minha lista:
| Autor principal: | |
|---|---|
| Outros Autores: | |
| Formato: | Manuscrito Livro |
| Idioma: | eslovaco inglês |
| Publicado em: |
2022
|
| Assuntos: | |
| Acesso em linha: | http://is.stuba.sk/zp/portal_zp.pl?podrobnosti=145683 |
| Tags: |
Sem tags, seja o primeiro a adicionar uma tag!
|
MARC
| LEADER | 00000ntm a22000003a 4500 | ||
|---|---|---|---|
| 001 | stuzp66132 | ||
| 003 | SK-STU | ||
| 005 | 20220903210317.7 | ||
| 007 | ta | ||
| 008 | 150427s2015----xo-----f-mn---000-0-slo-d | ||
| 040 | |a STU |b slo | ||
| 041 | 0 | |a eng | |
| 100 | 1 | |a Podhorská, Janette |u 010000 |k Z3 |4 aut |T SvF Stavebná fakulta |X 81283 |U V |Y 10 |7 81283 | |
| 242 | 0 | 1 | |a Vývoj betónových kompozitov na báze alternatívnych surovín pre masívne monolitické konštrukcie |y slo |
| 245 | 1 | 0 | |a Development of Concrete Composites Based on Alternative Raw Materials for Massive Monolithic Structures |
| 260 | |c 2022 | ||
| 650 | 4 | |a Ťažké kamenivo, |2 slo | |
| 650 | 4 | |a minerálne prímesi, |2 slo | |
| 650 | 4 | |a vlastnosti. |2 slo | |
| 650 | 4 | |a tieniaci betón, |2 slo | |
| 650 | 4 | |a cement, |2 slo | |
| 650 | 4 | |a ťažký betón, |2 slo | |
| 650 | 4 | |a cement, |2 eng | |
| 650 | 4 | |a heavyweight concrete, |2 eng | |
| 650 | 4 | |a Heavy aggregate, |2 eng | |
| 650 | 4 | |a mineral admixtures, |2 eng | |
| 650 | 4 | |a shielding concrete, |2 eng | |
| 650 | 4 | |a properties. |2 eng | |
| 700 | 1 | |a Palou, Martin Tchingnabé |u 010200 |k Z8 |4 ths |U SvF Stavebná fakulta |T SvF Katedra materiálového inžinierstva a fyziky |X 3891 |U V200 |Y 844 |7 A000003891 | |
| 856 | 4 | |u http://is.stuba.sk/zp/portal_zp.pl?podrobnosti=145683 | |